Loading...
Agricultural prices
| Main Author: | |
|---|---|
| Other Authors: | |
| Format: | Printed Book |
| Language: | Undetermined English |
| Edition: | 2 |
| Series: | 1936
|
| Subjects: |
| LEADER | 00656nam a2200217Ia 4500 | ||
|---|---|---|---|
| 008 | 140306s9999 xx 000 0 und d | ||
| 041 | |a eng | ||
| 082 | |a 338.13 |b THO | ||
| 100 | |a Foote, Richard Jay | ||
| 245 | |a Agricultural prices | ||
| 250 | |a 2 | ||
| 300 | |a 509 | ||
| 400 | |b Mc Graw- Hill Book Company Inc | ||
| 440 | |a 1936 | ||
| 650 | |a Agricultural prices | ||
| 650 | |a Commodity prices | ||
| 650 | |a Price analysis- Forecasting | ||
| 700 | |a Thomas, Frederick Lundy | ||
| 942 | |2 ddc |c BK | ||
| 999 | |c 66753 |d 66753 | ||
| 952 | |0 0 |1 0 |2 ddc |4 0 |6 338_130000000000000_THO |7 0 |9 73098 |a KAUACV |b KAUACV |d 2004-05-26 |o 338.13 THO |p KAU_ACV-1241 |r 2014-03-22 |w 2014-03-22 |y BK | ||